Państwa posiadające dostęp do Morza Śródziemnego - Nagła śmierć - Statystyki

Ogólne statystyki
  • Ten quiz został rozwiązany 44 razy
    22 od ostatniego zresetowania
  • Średni wynik to 13 z 22
Answers on the Grid
Answers color-coded by a green-red scale on the quiz's grid according to % correct below.
Albania
Algieria
Andora
Arabia Saudyjska
Armenia
Austria
Azerbejdżan
Bośnia i Hercegowina
Bułgaria
Chorwacja
Cypr
Czad
Czarnogóra
Holandia
Egipt
Francja
Grecja
Gruzja
Hiszpania
Irak
Izrael
Jordania
Kosowo
Liban
Libia
Macedonia Północna
Mali
Malta
Maroko
Mauretania
Mołdawia
Monako
Niger
Nigeria
Palestyna
Portugalia
Rosja
Rumunia
San Marino
Serbia
Słowenia
Sudan
Syria
Szwajcaria
Tunezja
Turcja
Ukraina
Watykan
Węgry
Włochy
 
Statystyki odpowiedzi
Odpowiedź % Poprawnych
Algieria
92%
Hiszpania
85%
Albania
77%
Francja
77%
Cypr
69%
Egipt
69%
Grecja
69%
Chorwacja
62%
Izrael
62%
Libia
62%
Malta
62%
Czarnogóra
54%
Monako
54%
Tunezja
54%
Włochy
54%
Bośnia i Hercegowina
46%
Liban
46%
Maroko
46%
Turcja
46%
Słowenia
38%
Palestyna
31%
Syria
31%
Nie znaleziono quizów pasujących do podanych kryteriów
Rozkład punktacji
Procent ludzi z każdym wynikiem
Percentyl według liczby udzielonych odpowiedzi
Twoja historia wyników
Nie rozwiązałeś tego quizu od ostatniego zresetowania